|
|
|
|
| LEADER |
00000nam0a2200000 4500 |
| 001 |
73001 |
| 005 |
20231101212659.0 |
| 010 |
|
|
|a 5887881283
|
| 035 |
|
|
|a (RuTPU)RU\TPU\book\77838
|
| 090 |
|
|
|a 73001
|
| 100 |
|
|
|a 20050207d2004 km y0rusy50 ca
|
| 101 |
0 |
|
|a rus
|
| 102 |
|
|
|a RU
|
| 105 |
|
|
|a y f 001zy
|
| 200 |
1 |
|
|a Энциклопедия по буровым растворам
|f Я. А. Рязанов
|
| 210 |
|
|
|a Оренбург
|c Летопись
|d 2004
|
| 215 |
|
|
|a 664 с.
|
| 320 |
|
|
|a Библиогр.: с. 656-663.
|
| 606 |
1 |
|
|a Буровые растворы,промывочные
|x Приготовление
|2 stltpush
|3 (RuTPU)RU\TPU\subj\30607
|9 53693
|
| 610 |
1 |
|
|a плотность
|
| 610 |
1 |
|
|a свойства
|
| 610 |
1 |
|
|a контроль
|
| 610 |
1 |
|
|a коллоидная химия
|
| 610 |
1 |
|
|a глинопорошки
|
| 610 |
1 |
|
|a утяжелители
|
| 610 |
1 |
|
|a глины
|
| 610 |
1 |
|
|a гидратация
|
| 610 |
1 |
|
|a коррозия
|
| 610 |
1 |
|
|a гидравлические расчеты
|
| 610 |
1 |
|
|a глинистые породы
|
| 610 |
1 |
|
|a пластическая деформация
|
| 610 |
1 |
|
|a перемешиватели
|
| 610 |
1 |
|
|a очистка
|
| 610 |
1 |
|
|a центрифуги
|
| 610 |
1 |
|
|a экология
|
| 610 |
1 |
|
|a окружающая среда
|
| 610 |
1 |
|
|a методы
|
| 610 |
1 |
|
|a скважины
|
| 610 |
1 |
|
|a строительство
|
| 610 |
1 |
|
|a энциклопедии
|
| 675 |
|
|
|a 622.244.4(031)
|v 3
|
| 700 |
|
1 |
|a Рязанов
|b Я. А.
|
| 801 |
|
1 |
|a RU
|b 63413507
|c 20050207
|g PSBO
|
| 801 |
|
2 |
|a RU
|b 63413507
|c 20140623
|g PSBO
|
| 942 |
|
|
|c BK
|
| 959 |
|
|
|a 3/20050207
|d 1
|e 550
|f НФ:1
|